Las corporaciones transnacionales y el mundo en desarrollo /

Guardat en:
Dades bibliogràfiques
Autor principal: Koroliov, Yuri
Format: Text
Etiquetes: Afegir etiqueta
Sense etiquetes, Sigues el primer a etiquetar aquest registre!

MARC

LEADER 00000 a a2200000 04500
001 605
003
040
100 |a Koroliov, Yuri  
245 |a Las corporaciones transnacionales y el mundo en desarrollo /  |c Yuri Koroliov 
773 |g número 11; páginas 29-51  
999 |c 26542  |d 26542